[Event "Bad Zwesten op 8th"]
[Site "Bad Zwesten"]
[Date "2004.01.07"]
[Round "9"]
[White "Heinz, Waldemar"]
[Black "Schloesser, Guenter"]
[Result "1-0"]
[WhiteElo "1566"]
[BlackElo "1432"]
[PlyCount "35"]
[EventDate "2004.01.??"]
[EventType "swiss"]
[EventRounds "9"]
[EventCountry "GER"]
[SourceTitle "CBM 098 Extra"]
[Source "ChessBase"]
[SourceDate "2004.03.10"]
[SourceVersion "2"]
[SourceVersionDate "2004.03.10"]
[SourceQuality "1"]

1. e4 d6 2. d4 Nf6 3. Nc3 g6 4. Bg5 Bg7 5. e5 dxe5 6. dxe5 Qxd1+ 7. Rxd1 Nfd7 8. Nd5 Kd8 9. Bxe7+ Ke8 10. Bh4 Bxe5 11. Bg3 Bxg3 12. hxg3 Kd8 13. Nf3 Re8+ 14. Be2 h5 15. Ng5 Rf8 16. g4 f6 17. Ne6+ Ke8 18. Ndxc7+ 1-0